000 00669nam a2200217 i 4500
001 6702
003 ES-MaACL
005 20250712062533.0
008 900228s1974 sp ||||1| spa d
020 _a84-279-0635-8
080 _a86-34"19"
100 1 _aCela, Camilo José,
_d1916-2002
_937336
245 1 3 _aEl tacatá oxidado :
_b: (florilegio de carpetovetonismos y otras lindezas) /
_cCamilo José Cela.
250 _a2ª ed.
260 _aBarcelona :
_bNoguer,
_c1974.
300 _a195 p. ;
_c23 cm.
490 1 _aNueva galería literaria
830 1 _aNueva galería literaria
_9177674
852 4 _aES-MaACL
_jL-13892
_z- Enc. cart.
999 _c6702
_d6702